000
00289nam a2200145Ia 4500
100
_a
Nicipolitidis/ P
650
_a
Wireless
942
_c
BK
245
_a
Wireless Networks
260
_b
Wiley student ed.
_c
2003
082
_b
NIC
300
_a
405
546
_a
ENGLISH
999
_c
20901
_d
20901